000 00281nam a2200097Ia 4500
001 1195426
005 20250827021747.0
008 250824s9999 xx 000 0 und d
245 0 _aKESİK BAŞ / ÖLÜM BİR KURTULUŞ MUDUR
_cHÜSEYİN RAHMİ GÜRPINAR
260 _bEVEREST YAYINLARI
999 _c1195426
_d1195426